Tous les clubs victimes de Robert Lewandowski - Statistiques

Statistiques générales
  • Ce quiz a été pris 231 fois
    9 depuis la dernière actualisation
  • Le résultat moyen est 52 sur 128
Statistiques - réponses
Pays Club % Correct
Espagne Atletico Madrid 6
100%
Allemagne Borussia Dortmund 29
100%
Espagne FC Barcelone 4
100%
France Olympique de Marseille 3
100%
France Olympique Lyonnais 1
100%
France Paris Saint-Germain 1
100%
Espagne Real Madrid 12
100%
Pays-Bas Ajax Amsterdam 5
80%
Angleterre Arsenal 4
80%
Italie AS Rome 1
80%
Allemagne Bayer Leverkusen 12
80%
Turquie Besiktas 2
80%
Angleterre Chelsea 3
80%
Croatie Dinamo Zagreb 5
80%
Allemagne FC Augsbourg 23
80%
Allemagne FC Cologne 18
80%
Espagne FC Séville 5
80%
Allemagne Hambourg 16
80%
Italie Inter Milan 2
80%
Italie Juventus 1
80%
Angleterre Manchester City 1
80%
Pays-Bas PSV Eindhoven 3
80%
Angleterre Tottenham 2
80%
Espagne Valence 10
80%
Allemagne Werder Brême 20
80%
Grèce AEK Athènes 3
60%
Espagne Athletic Bilbao 3
60%
Autriche Austria Vienne 1
60%
Allemagne Bayern Munich 6
60%
Portugal Benfica 9
60%
Allemagne Borussia Mönchengladbach 10
60%
Espagne Celta Vigo 7
60%
Ukraine Chakhtar Donetsk 2
60%
Espagne Deportivo Alavés 6
60%
Ukraine Dynamo Kiev 3
60%
Allemagne Eintracht Francfort 16
60%
Espagne Espanyol Barcelone 3
60%
Serbie Etoile Rouge de Belgrade 7
60%
Danemark FC Copenhague 1
60%
Portugal FC Porto 2
60%
Allemagne FC Schalke 21
60%
Espagne Getafe 1
60%
Espagne Girona 4
60%
Allemagne Hertha Berlin 15
60%
Italie Lazio 2
60%
Pologne Legia Varsovie 1
60%
Espagne Majorque 2
60%
Angleterre Manchester United 1
60%
Italie Naples 2
60%
Angleterre Newcastle 2
60%
Grèce Olympiakos 5
60%
Autriche RB Salzbourg 6
60%
Espagne Real Betis 5
60%
Espagne Real Sociedad 5
60%
Belgique Royal Antwerp 1
60%
Belgique RSC Anderlecht 2
60%
Allemagne Union Berlin 7
60%
Allemagne VfL Bochum 5
60%
Allemagne VfL Wolfsburg 26
60%
Espagne Villarreal 7
60%
Allemagne FC Kaiserslautern 1
40%
Suisse Grasshopper Zürich 2
40%
Espagne Grenade 1
40%
Allemagne Hanovre 15
40%
Pologne Lechia Gdansk 2
40%
Espagne Malaga 1
40%
Pologne Polonia Varsovie 4
40%
Espagne Rayo Vallecano 3
40%
Allemagne RB Leipzig 9
40%
Pologne Slask Wroclaw 6
40%
Tchéquie Slavia Prague 1
40%
France Stade Brestois 2
40%
Allemagne TSG Hoffenheim 15
40%
Allemagne VfB Stuttgart 13
40%
Suisse Young Boys Berne 2
40%
Russie Zenit Saint-Pétersbourg 2
40%
Egypte Al Ahly 2
20%
Pologne Arka Gdynia 3
20%
Espagne Atheltic Club 3
20%
Espagne Elche 4
20%
Allemagne FC Ingolstadt 4
20%
Pologne GKS Belchatow 3
20%
Pologne Górnik Zabrze 1
20%
Allemagne Mayence 05 20
20%
Espagne Osasuna 4
20%
Pologne Polonia Bytom 2
20%
Espagne Real Oviedo 1
20%
Espagne Real Valladolid 4
20%
Tchéquie Victoria Plzen 3
20%
Pologne Wisla Cracovie 6
20%
Pologne Wisla Plock 2
20%
Pologne Zaglebie Lubin 1
20%
Espagne AD Ceuta 2
0%
Allemagne Arminia Bielefeld 3
0%
Espagne Cadiz 2
0%
Allemagne Chemnitzer FC 2
0%
Allemagne Dynamo Dresden 1
0%
Allemagne Energie Cottbus 1
0%
Allemagne FC Carl Zeiss Iéna 3
0%
Allemagne FC Heidenheim 2
0%
Allemagne FC Nöttingen 1
0%
Allemagne FC Nuremberg 7
0%
Russie FK Rostov 1
0%
Allemagne Fortuna Düsseldorf 2
0%
Pologne Fredrikstad FK 2
0%
Pologne GKS Jastrzebie 3
0%
Pologne GKS Katowice 1
0%
Allemagne Greuther Fürth 5
0%
Allemagne Holstein Kiel 1
0%
Pologne Jagiellonia Bialystok 3
0%
Pologne Kmita Zabierzów 1
0%
Pologne Korona Kielce 2
0%
Pologne KS Cracovie 1
0%
Pologne LKS Lomza 2
0%
Pologne Motor Lublin 1
0%
Pologne Odra Opole 1
0%
Pologne Odra Wodzislaw 1
0%
Pologne Pelika Lowicz 3
0%
Pologne Piast Gliwice 1
0%
Allemagne SC Fribourg 20
0%
Allemagne SC Paderborn 7
0%
Pologne Stal Stalowa Wola 1
0%
Allemagne SV Darmstadt 1
0%
Allemagne SV Drochtersen/Assel 1
0%
Allemagne SV Sandhausen 2
0%
Allemagne SV Wilhelmshaven 1
0%
Espagne UD Barbastro 3
0%
Pologne Xäzär Länkäran 1
0%
Aucun quiz correspondant
Distribution des résultats
% des personnes avec chaque résultat
Percentile par nombre de réponses
Votre historique - résultats
Vous n’avez pas pris ce quiz depuis la dernière actualisation